000 00672cab a22001935a 4500
001 L139891
008 070817s2007 xxk f 000 0 eng d
035 _a(Sirsi) u139891
041 0 _aeng
100 1 _aVesma, Vilnis
245 0 0 _aBenchmarking the energy performance of buildings
260 _c2007
490 0 _aFacilities Management
_v14(10) July 2007, 20-21(2)
520 _aAssesses different methods of measuring annual energy consumption in order to identify poorly performing buildings. Worked examples.
590 _aka
651 4 _aUnited Kingdom
_y
690 _aENVIRONMENTAL AND LAND CONSULTANCY-ENERGY-ENERGY USE-ENERGY USE ASSESSMENT
942 _n0
999 _c79124
_d79124